| 000 | 01288nam0a2200313 4500 | ||
|---|---|---|---|
| 001 | RU\NLR\bibl\1255793 | ||
| 005 | 20250615125552.0 | ||
| 010 |
_a978-5-94552-068-4 _9200 |
||
| 021 |
_aRU _b2008-42330 _92340 |
||
| 035 | _a(NLR Aleph) 001241830 | ||
| 090 |
_a263802 _c263802 |
||
| 100 | _a20080724d2008 |||y0rusy50 ca | ||
| 101 | 0 | _arus | |
| 102 | _aRU | ||
| 105 | _aa ||||||||| | ||
| 200 | 1 |
_aЗапад - Восток _eзаписки советского солдата 1987-1989 гг. _eповесть _fСуверов Е.В. |
|
| 210 |
_aБарнаул _cБарнаульский юридический институт _d2008 |
||
| 215 |
_a107 с. _cил. _d21 |
||
| 300 | _aНа 4-й с. обл. авт.: Е.В. Суверов - д.ист.н., доц., проф., полк. милиции | ||
| 606 | 1 |
_aВоеннослужащие _jВоспоминания, записки и т.п. _xПрохождение военной службы _yСССР _92533033 _3RU\NLR\auth\661500260 |
|
| 686 | _aШ6(2=Р)75-443авт. | ||
| 686 | _aЦ4,6(2)243,013 | ||
| 700 | 1 |
_aСуверов _bЕ. В. _gЕвгений Васильевич _4070 |
|
| 801 | 0 |
_aRU _bNLR _c20080724 _gRCR |
|
| 801 | 1 |
_aRU _bNLR _c20080724 |
|
| 942 | _cBOOK | ||
| 980 | _aNB | ||